MAGYAR KKV TULAJDONOSOK ERŐSSÉGEINEK VIZSGÁLATA A VÁLLALKOZÁS NÖVEKEDÉSI LEHETŐSÉGÉNEK TEKINTETÉBEN

Bibliográfiai részletek
Szerző: Jankó Ádám
További közreműködők: Németh Dr. János Pál
Dokumentumtípus: Diplomadolgozat
Kulcsszavak:erősségek
kiegészítő üzlettársak
pozitív pszichológia
Online Access:http://dolgozattar.uni-bge.hu/17296

MARC

LEADER 00000nta a2200000 i 4500
001 dolg17296
005 20180516153915.0
008 180516suuuu hu om 000 hun d
040 |a BGE Dolgozattár Repozitórium  |b hun 
041 |a hu 
100 1 |a Jankó Ádám 
245 1 0 |a MAGYAR KKV TULAJDONOSOK ERŐSSÉGEINEK VIZSGÁLATA A VÁLLALKOZÁS NÖVEKEDÉSI LEHETŐSÉGÉNEK TEKINTETÉBEN  |c Jankó Ádám  |h [elektronikus dokumentum] 
695 |a erősségek 
695 |a kiegészítő üzlettársak 
695 |a pozitív pszichológia 
700 1 |a Németh Dr. János Pál  |e ths 
856 4 0 |u http://dolgozattar.uni-bge.hu/17296/1/Jank%C3%B3%20%C3%81d%C3%A1m_Y4RJKE_Szakdolgozat.pdf  |z Dokumentum-elérés